Modeling And Simulation Using MATLAB-Simulink (Record no. 331578)
[ view plain ]
| 000 -LEADER | |
|---|---|
| fixed length control field | 00453nam a2200169Ia 4500 |
| 008 - FIXED-LENGTH DATA ELEMENTS--GENERAL INFORMATION | |
| fixed length control field | 230718s9999 xx 000 0 und d |
| 020 ## - INTERNATIONAL STANDARD BOOK NUMBER | |
| International Standard Book Number | 9788126530052 |
| 041 ## - LANGUAGE CODE | |
| Language code of text/sound track or separate title | eng |
| 082 ## - DEWEY DECIMAL CLASSIFICATION NUMBER | |
| Classification number | 005.75'8 |
| Item number | JAI |
| 100 ## - MAIN ENTRY--PERSONAL NAME | |
| Personal name | Jain S. |
| 245 ## - TITLE STATEMENT | |
| Title | Modeling And Simulation Using MATLAB-Simulink |
| 260 ## - PUBLICATION, DISTRIBUTION, ETC. (IMPRINT) | |
| Name of publisher, distributor, etc. | Wiley India |
| 300 ## - PHYSICAL DESCRIPTION | |
| Extent | 658 |
| Dimensions | With CD |
| 365 ## - TRADE PRICE | |
| Currency code | Rs. |
| Price amount | 479.00 |
| 700 ## - ADDED ENTRY--PERSONAL NAME | |
| Personal name | Jain S. |
| 906 ## - LOCAL DATA ELEMENT F, LDF (RLIN) | |
| d | O:0312822-Nov-2012B:328301-Nov-2012 |
| c | ME ETC |
| b | 598.75 |
| Withdrawn status | Lost status | Damaged status | Not for loan | Home library | Current library | Date acquired | Vendor | Budget Code | Cost, normal purchase price | Bill number | Total Checkouts | Full call number | Barcode | Date last seen | Discount | Cost, replacement price | Bill Date | Koha item type | Original Barcode |
|---|---|---|---|---|---|---|---|---|---|---|---|---|---|---|---|---|---|---|---|
| Cummins College of Engineering for Women Pune | Cummins College of Engineering for Women Pune | 21/11/2012 | Om Book Stall | ME ETC | 359.25 | 3283 | 005.75'8 | CCEP-BK-42785 | 18/07/2023 | 598.75 | 479.00 | 01/11/2012 | Books | 042785 |